00000000nam##2200000za#4500
0019.612648
003CaOODSP
00520211126112846
007ta
008150406|1995||||xxc|||||     f|0| 0 eng|d
020 |a0-662-23934-2
022 |a1192-5434
040 |aCaOODSP|beng
043 |an-cn---
0861 |aFB3-2/95-11E
1102 |aBank of Canada.
24510|aLong-run demand for M1 / |cby Scott Hendry, Department of Monetary and Financial Analysis.
260 |aOttawa - Ontario : |bBank of Canada |c1995.
300 |aiii, 70p. : |bgraphs, references, tables ; |c28 cm.
4901 |aWorking paper|x1192-5434|v95-11
500 |a"The goal of this paper is to investigate long-run relationships among money, prices, output and interest rates, with a view to determining whether there is a stable long-run relationship that can be determined as money demand."--Introduction and summary.
5203 |aThe goal of this paper is to investigate long-run relationships among money, prices, output and interest rates, with a view to determining whether there is a stable long-run relationship that can be determined as money demand.--Introduction and summary
546 |aRésumés en français
563 |aSoftcover
590 |a95-49|b1995-12-08
69007|aCurrency|2gcpds
7201 |aHendry, Scott
7760#|tLong-run demand for M1 / |w(CaOODSP)9.571630
830#0|aWorking paper,|x1192-5434|v95-11|w(CaOODSP)9.514622